[Event "Ibague Blitz op"]
[Site "Ibague"]
[Date "2022.10.08"]
[Round "8"]
[White "Cardozo, Stid Jafhar"]
[Black "Gonzalez Uruena, Jose Mauricio"]
[Result "1-0"]
[WhiteElo "1911"]
[BlackElo "1815"]
[PlyCount "47"]
[EventDate "2022.10.08"]
[EventType "swiss (blitz)"]
[EventRounds "9"]
[EventCountry "COL"]
[SourceTitle "CBM 210 Extra"]
[Source "ChessBase"]
[SourceDate "2022.11.30"]
[SourceVersion "1"]
[SourceVersionDate "2022.11.30"]
[SourceQuality "1"]

1. e4 c5 2. Nf3 d6 3. Bb5+ Bd7 4. Bxd7+ Nxd7 5. 0-0 e6 6. c3 Be7 7. d4 cxd4 8. cxd4 Ngf6 9. Nc3 0-0 10. e5 Ne8 11. Be3 Qa5 12. Qb3 Rb8 13. Rfe1 dxe5 14. dxe5 Nc5 15. Bxc5 Bxc5 16. Ne4 Nc7 17. Rac1 Na6 18. Nfg5 h6 19. Qh3 Rbe8 20. Nf6+ gxf6 21. Qxh6 fxg5 22. Qxg5+ Kh7 23. Re4 Bxf2+ 24. Kxf2 1-0